| 000 | 00968nam a22003017a 4500 | ||
|---|---|---|---|
| 001 | 6503 | ||
| 003 | FISKH | ||
| 005 | 20250602102607.0 | ||
| 008 | 250507b cb ||||| |||| 00| 0 eng d | ||
| 020 | _a0590108964 | ||
| 040 |
_aDLC _cDLC _dDLC _beng |
||
| 050 | _aPZ7.H389 J | ||
| 082 | _a535 | ||
| 100 | 1 |
_aHenkes, Kevin. _d(1960-) |
|
| 245 | 1 | 0 |
_aJulius, the baby of the world / _cby Kevin Henkes. |
| 250 | _aThis edition first published in 1990 | ||
| 260 |
_aNew York : _bScholastic, _c1990. |
||
| 300 |
_a29 pages : _bcolor illustrations ; _c26 cm |
||
| 505 | _aL | ||
| 520 | _aLilly is convinced that the arrival of her new baby brother is the worst thing that has happened in their house, until Cousin Garland comes to visit. | ||
| 521 | 8 |
_a520
_bLexile |
|
| 521 | 8 |
_aL
_bRaz-Plus |
|
| 650 | 1 |
_aBabies _xFiction. |
|
| 650 | 1 |
_aSiblings _xFiction. |
|
| 906 |
_a7 _bcbc _corignew _d1 _eocip _f19 _gy-gencatlg |
||
| 942 |
_2ddc _cBK _n0 |
||
| 999 |
_c6503 _d6503 |
||